<?xml version="1.0" encoding="UTF-8"?>
<collection xmlns="http://www.loc.gov/MARC21/slim">
  <record>
    <leader>00000nam  2200000   4500</leader>
    <controlfield tag="001">INLIS000000000015722</controlfield>
    <controlfield tag="005">20230828022002</controlfield>
    <datafield tag="035" ind1="#" ind2="#">
      <subfield code="a">0010-0823000048</subfield>
    </datafield>
    <controlfield tag="007">ta</controlfield>
    <controlfield tag="008">230828################|##########|#|##</controlfield>
    <datafield tag="084" ind1="#" ind2="#">
      <subfield code="a">R 034 PIM II 2022</subfield>
    </datafield>
    <datafield tag="100" ind1=" " ind2="#">
      <subfield code="a">Marisi</subfield>
    </datafield>
    <datafield tag="245" ind1="1" ind2="#">
      <subfield code="a">Sinergitas Perguruan Tinggi dalam Penguatan Kampung Keluarga Berkualitas di Kota Bekasi /</subfield>
      <subfield code="c">Marisi</subfield>
    </datafield>
    <datafield tag="250" ind1="#" ind2="#">
      <subfield code="a">1</subfield>
    </datafield>
    <datafield tag="260" ind1="#" ind2="#">
      <subfield code="a">Jakarta :</subfield>
      <subfield code="b">Pusbangkom Pimnas dan Manajerial ASN,</subfield>
      <subfield code="c">2022</subfield>
    </datafield>
    <datafield tag="300" ind1="#" ind2="#">
      <subfield code="a">278 halaman :</subfield>
      <subfield code="b">ilus ;</subfield>
      <subfield code="c">30 cm</subfield>
    </datafield>
    <datafield tag="650" ind1="#" ind2="4">
      <subfield code="a">Keluarga Berencana</subfield>
    </datafield>
    <datafield tag="520" ind1="#" ind2="#">
      <subfield code="a">Sinergi pemangku kepentingan dalam pembangunan pada hakikatnya relevan dengan kepentingan Partisipasi Masyarakat dan Kerja Sama Daerah. Sinergitas Perguruan Tinggi terhadap Penguatan Kampung Keluarga Berkualitas diartikan sebagai kekuatan yang dimiliki Perguruan Tinggi dalam menjalankan misi Tri Dharma Perguruan Tinggi, yaitu Pendidikan, Penelitian, dan Pengabdian kepada Masyarakat yang diarahkan untuk memberikan kontribusi terhadap upaya konvergensi penyelenggaraan pemberdayaan dan penguatan institusi keluarga dalam seluruh dimensinya guna meningkatkan kualitas sumber daya manusia, keluarga dan masyarakat, dalam hal ini melalui penguatan Kampung Keluarga Berkualitas.</subfield>
    </datafield>
    <datafield tag="990" ind1="#" ind2="#">
      <subfield code="a">034</subfield>
    </datafield>
  </record>
</collection>
